|
|
|
|
| LEADER |
00000nam a2200000 i 4500 |
| 001 |
1/16807 |
| 008 |
980824s1988 eng d |
| 020 |
|
|
|a 3-598-10783-8
|
| 035 |
|
|
|l 10020330
|
| 040 |
|
|
|a GR-MY-UA
|b gre
|e aacr
|
| 041 |
0 |
|
|a eng
|
| 082 |
0 |
|
|a 155.9016
|
| 100 |
1 |
|
|a Kruse, Lenelis.
|
| 245 |
1 |
0 |
|a Environment and behavior part II :
|b an international and multidisciplinary bibliography 1982-1987 /
|c Lenelis Kruse; Volker Schwarz
|
| 260 |
|
|
|a Paris :
|b Saur,
|c c1988
|
| 300 |
|
|
|a 966 p.
|
| 504 |
|
|
|a Includes bibliographical references and index
|
| 505 |
0 |
|
|a Volume 1: Alphabetical listing by authors key word indexVolume 2: Abstracts
|
| 650 |
0 |
0 |
|a Environmental psychology
|x Bibliography.
|
| 650 |
0 |
0 |
|a Environmental psychology
|x Abstracts.
|
| 700 |
1 |
|
|a Schwarz, Volker.
|
| 852 |
|
|
|a INST
|b LESVOS
|e 19980824
|h 155.9016 KRU
|p 005100013498
|q 005100013498
|t REF
|y 23
|z v.1.
|
| 852 |
|
|
|a INST
|b LESVOS
|e 19980824
|h 155.9016 KRU
|p 005100013499
|q 005100013499
|t REF
|y 23
|z v.2.
|
| 852 |
|
|
|a INST
|b LESVOS
|e 19980824
|h 155.9016 KRU
|p 005100013498
|q 005100013498
|t REF
|v v.1.:
|y 23
|z v.1.
|
| 852 |
|
|
|a INST
|b LESVOS
|e 19980824
|h 155.9016 KRU
|p 005100013499
|q 005100013499
|t REF
|v v.2.:
|y 23
|z v.2.
|
| 853 |
|
|
|a INST
|b LESVOS
|h 155.9016 KRU
|
| 901 |
|
|
|a BIBL-1998-2
|
| 909 |
|
|
|a Λ
|b 023844
|
| 909 |
|
|
|a Λ
|b 023845
|
| 922 |
|
|
|a 1ΕΛΗ
|b 199208
|c ΠΠ/1519
|